000 00609nam a2200205 a 4500
005 20240806063836.0
008 991125s1956 mx 000 0 spa u
035 _aUPN01000004659
049 _aCG
050 4 _aPQ7297 M38
_bA8
100 1 _aMagdaleno, Vicente,
_d1911-1995
_929630
245 1 0 _aAscensión a la tierra /
_cVicente Magdaleno.
260 _aMéxico :
_bCuadernos Americanos,
_c1956.
300 _a93 p.
440 0 _aCuadernos Americanos ;
_v49
600 1 4 _aMAGDALENO, VICENTE,
_d1911-1995
_929630
650 4 _aLiteratura mexicana
_94466
650 4 _aPoesía mexicana
_91273
905 _aLibro
999 _c4659
_d4659